Datum a čas kvízu
30
Celkem bodů
Celkový počet nahraných bodů na tomto kvízu bez doplňovacích otázek.
13.
Pořadí na kvízu
Konečné umístění týmu na tomto kvízu.
Zaznamenané odpovědi
| # | Otázka | Odpověď | Body | Výsledky |
|---|---|---|---|---|
| 1. | V úterý byli do pražské zoo př... | (lední) medvědi | 1 | |
| 2. | Buckinghamský palác odhalil v... | D) motýl | 0 | |
| 3. | V úterý byl zahájen 77. ročník... | v Cannes | 1 | |
| 4. | V ženevské pobočce aukční síně... | Michael Schumacher | 0 | |
| 5. | V sobotu se v Rijádu konal dlo... | Tyson Fury, Oleksandr Usyk | 1 | |
| 6. | Jména Mnata, Vojen či Vnislav... | A | 1 | |
| 7. | Podle pověsti prý zvony z kost... | ve čtvrtek (na Zelený čtvrtek) | 0 | |
| 8. | Přiřaďte k sobě dvojice hrdinů... | 1B 2A 3C 4D | 1 | |
| 9. | O hřbitovním kostele sv. Maří... | Svatební košile | 1 | |
| 10. | Horské sedlo v Českém středoho... | Paškapole | 0 |